ბათუმის შოთა რუსთაველის სახელმწიფო უნივერსიტეტის ბიბლიოთეკა

Лекции по аналитической теории дифференциальных уравнений. (ბიბ.ჩანაწერი № 38886)

000 -LEADER
fixed length control field 00751nam a2200229Ia 4500
001 - CONTROL NUMBER
control field 5299
003 - CONTROL NUMBER IDENTIFIER
control field GE_BSU
008 - FIXED-LENGTH DATA ELEMENTS--GENERAL INFORMATION
fixed length control field 181216s||||||||xx |||||||||||||| ||und||
040 ## - CATALOGING SOURCE
Transcribing agency GE_BSU
080 ## - UNIVERSAL DECIMAL CLASSIFICATION NUMBER
Universal Decimal Classification number 517.91
100 ## - MAIN ENTRY--PERSONAL NAME
Personal name Голубев В.В.
245 ## - TITLE STATEMENT
Title Лекции по аналитической теории дифференциальных уравнений.
245 ## - TITLE STATEMENT
Remainder of title Учеб пособие для гос ун-та
250 ## - EDITION STATEMENT
Edition statement Изд. 2-е.
260 ## - PUBLICATION, DISTRIBUTION, ETC.
Place of publication, distribution, etc. М.Л.
260 ## - PUBLICATION, DISTRIBUTION, ETC.
Name of publisher, distributor, etc. Гостехиздат
260 ## - PUBLICATION, DISTRIBUTION, ETC.
Date of publication, distribution, etc. 1950
300 ## - PHYSICAL DESCRIPTION
Extent 436с 22см
300 ## - PHYSICAL DESCRIPTION
Accompanying material Библиогр. с. 429
653 ## - INDEX TERM--UNCONTROLLED
Uncontrolled term Лекции по аналитической теории дифференциальных уравнений.
942 ## - ADDED ENTRY ELEMENTS (KOHA)
Koha item type წიგნი
ეგზემპლარები
Withdrawn status Lost status Damaged status Not for loan Date acquired Barcode Date last seen Price effective from Koha item type
        2018-12-17 16363 2018-12-17 2018-12-17 წიგნი